[Event "Tournoi Skype 013B"]
[Site "Skype"]
[Date "????.??.??"]
[Round "2.4"]
[White "Rugman, Dan"]
[Black "Talbot, Jacques"]
[Result "0-1"]
[WhiteElo "1367"]
[BlackElo "1436"]
[PlyCount "58"]

1. e4 e5 2. Nf3 d6 3. Bc4 Be7 4. O-O Nf6 5. Nc3 O-O 6. d4 exd4 7. Nxd4 Bd7 8.
Re1 Nc6 9. h3 h6 10. Nf3 Re8 11. e5 dxe5 12. Nxe5 Nxe5 13. Nd5 Nxc4 14. Nxe7+
Rxe7 15. b3 Nd6 16. Bb2 Rxe1+ 17. Qxe1 Nde4 18. f3 Nd6 19. Qe3 Qe8 20. Qc3 Bc6
21. Re1 Qd7 22. Re5 Nb5 23. Qe3 Re8 24. Rxe8+ Qxe8 25. Qxe8+ Nxe8 26. c4 Nbd6
27. c5 Nf5 28. g4 Ne7 29. Bc1 Bxf3 0-1

[Event "Tournoi Skype 013B"]
[Site "Skype"]
[Date "????.??.??"]
[Round "2.5"]
[White "Duthoit, Bernard"]
[Black "Coruble, Didier"]
[Result "1-0"]
[WhiteElo "1428"]
[BlackElo "1355"]
[PlyCount "77"]

1. e4 Nf6 2. e5 Nd5 3. d4 e6 4. Nf3 c6 5. c4 Nc7 6. Nc3 a6 7. Be3 h6 8. Be2 Bb4
9. a3 Ba5 10. b4 Bb6 11. c5 Ba7 12. O-O O-O 13. Nd2 Ne8 14. f4 f5 15. Rf3 Qe7
16. Rg3 Kh7 17. Nf3 Rg8 18. Qe1 b5 19. Nh4 Qxh4 20. Rxg7+ Nxg7 21. Qxh4 a5 22.
h3 a4 23. g4 h5 24. g5 Na6 25. Bxh5 Nxh5 26. Qxh5+ Kg7 27. Qh6+ Kf7 28. Qf6+
Ke8 29. g6 Rf8 30. Qg5 d5 31. h4 Kd7 32. h5 Bb7 33. h6 Rh8 34. Qf6 Rag8 35.
Qf7+ Kc8 36. Qxe6+ Kb8 37. g7 Nc7 38. Qg6 Rxh6 39. Qxh6 1-0

[Event "Tournoi Skype 013B"]
[Site "Skype"]
[Date "????.??.??"]
[Round "2.6"]
[White "Gerbaux, Regis"]
[Black "Battaglia, Gabriele"]
[Result "1/2-1/2"]
[WhiteElo "1421"]
[BlackElo "1246"]
[PlyCount "58"]

1. e4 d6 2. d4 Nf6 3. Nd2 e6 4. c3 Be7 5. e5 Nd5 6. Ngf3 O-O 7. Ne4 h6 8. Bd3
f6 9. Nh4 Qe8 10. exf6 Nxf6 11. Nxf6+ Rxf6 12. Qg4 Qf8 13. Ng6 e5 14. Nxe7+
Qxe7 15. Qxc8+ Rf8 16. Qg4 exd4+ 17. Be2 dxc3 18. bxc3 Nc6 19. O-O Ne5 20. Bc4+
Kh8 21. Qe4 c6 22. Bd3 g6 23. Bxh6 Rfe8 24. Rfe1 Qf7 25. Qh4 Nxd3 26. Bg5+ Qh7
27. Bf6+ Kg8 28. Qc4+ Qf7 29. Qxd3 Qxf6 1/2-1/2

[Event "Tournoi Skype 013B"]
[Site "Skype"]
[Date "????.??.??"]
[Round "2.7"]
[White "Sauvaget, Joel"]
[Black "De Coninck, Philippe"]
[Result "0-1"]
[WhiteElo "1344"]
[BlackElo "1419"]
[PlyCount "78"]

1. e4 e5 2. Nf3 Nf6 3. Nc3 Bb4 4. d3 Nc6 5. Bd2 O-O 6. h3 d5 7. Nxd5 Bxd2+ 8.
Qxd2 Nxd5 9. exd5 Qxd5 10. Be2 Bf5 11. O-O Rfe8 12. Rfd1 Qd8 13. Bf1 e4 14.
dxe4 Bxe4 15. Qxd8 Raxd8 16. Re1 Nb4 17. c4 Rd4 18. Re3 Rdd8 19. a3 Nc6 20. Rc1
Bxf3 21. gxf3 Rxe3 22. fxe3 Ne5 23. Be2 a6 24. Kf2 Rd2 25. Rd1 Rxd1 26. Bxd1
Nxc4 27. Ke2 Nxb2 28. Kd2 b5 29. Be2 f6 30. Kc2 Nc4 31. Bxc4+ bxc4 32. Kc3 Kf7
33. Kxc4 Ke6 34. Kc5 Kd7 35. a4 h6 36. Kc4 Kd6 37. Kd4 Ke6 38. a5 h5 39. f4 g5
0-1

[Event "Tournoi Skype 013B"]
[Site "Skype"]
[Date "????.??.??"]
[Round "2.8"]
[White "Hargez, Dany"]
[Black "Vincent, Andre"]
[Result "1-0"]
[WhiteElo "1418"]
[BlackElo "1343"]
[PlyCount "103"]

1. e4 c5 2. Nf3 d6 3. d4 cxd4 4. Nxd4 Bd7 5. Bc4 Nf6 6. Nc3 e5 7. Nf3 Be7 8.
Bg5 O-O 9. Bxf6 Bxf6 10. O-O Nc6 11. Nd5 h6 12. Bb5 Re8 13. c4 a6 14. Bxc6 Bxc6
15. Nc3 b5 16. Qb3 Qd7 17. Rad1 Reb8 18. c5 Be7 19. cxd6 Bf6 20. Nxe5 Bxe5 21.
Rfe1 b4 22. Nd5 Qxd6 23. Nb6 Qe7 24. Nxa8 Rxa8 25. Re3 a5 26. g3 Rd8 27. Rxd8+
Qxd8 28. Rd3 Qe7 29. f3 Qc5+ 30. Kg2 a4 31. Qd1 Bxb2 32. Rd8+ Kh7 33. Rd3 Bb5
34. Rd5 Qc4 35. g4 Qe2+ 36. Qxe2 Bxe2 37. Rd2 a3 38. Rxe2 Be5 39. Re3 Bd4 40.
Rb3 Bc3 41. Kf2 f6 42. Ke3 Be1 43. Kd3 Kg6 44. f4 Kf7 45. f5 g6 46. Kd4 g5 47.
Kc4 Bd2 48. Rd3 Be1 49. Rd7+ Kf8 50. Kd5 b3 51. axb3 a2 52. Ra7 1-0

[Event "Tournoi Skype 013B"]
[Site "Skype"]
[Date "????.??.??"]
[Round "2.9"]
[White "Porcabeuf, Jean-Marc"]
[Black "Ali, Mohammad"]
[Result "0-1"]
[WhiteElo "1332"]
[BlackElo "1399"]
[PlyCount "30"]

1. d4 Nf6 2. c4 e5 3. e3 d6 4. Nf3 Bf5 5. dxe5 Ng4 6. Nc3 Be7 7. Be2 dxe5 8.
Nd5 Nc6 9. O-O Bd6 10. Bd3 e4 11. Nd4 Bxh2+ 12. Kh1 Nxd4 13. exd4 Qh4 14. Be3
Bg3+ 15. Kg1 Qh2# 0-1

[Event "Tournoi Skype 013B"]
[Site "Skype"]
[Date "????.??.??"]
[Round "2.10"]
[White "Altinkayik, Okan"]
[Black "Yardimci, Ertan"]
[Result "0-1"]
[WhiteElo "1399"]
[BlackElo "1300"]
[PlyCount "102"]

1. e4 e5 2. Nf3 Nc6 3. Bb5 a6 4. Bxc6 dxc6 5. Nxe5 Qd4 6. Ng4 Qxe4+ 7. Ne3 Nf6
8. Nc3 Qd4 9. h3 b5 10. a3 Qb6 11. Qe2 Be6 12. a4 Bd6 13. axb5 cxb5 14. Qf3 O-O
15. O-O Bc8 16. Ned5 Nxd5 17. Nxd5 Bb7 18. b3 Qc6 19. Nc3 Qxf3 20. gxf3 Bxf3
21. Ba3 b4 22. Bxb4 Bxb4 23. Rfe1 Rfe8 24. Rxe8+ Rxe8 25. Kf1 Bb7 26. Ra4 Bd6
27. b4 Re5 28. d4 Rh5 29. Ne2 Rxh3 30. c4 Rd3 31. Ke1 h5 32. c5 Bh2 33. c6 Bxc6
34. Rxa6 Bf3 35. b5 Rb3 36. Ra4 Rxb5 37. Ra3 Bd5 38. Rh3 Bd6 39. Rxh5 Bb4+ 40.
Kf1 Bd2 41. f3 Be3 42. Re5 Bd2 43. f4 Rb1+ 44. Kf2 Be6 45. d5 Bg4 46. Re7 Bxe2
47. Kxe2 Bxf4 48. Kf3 Bd6 49. Rd7 Rd1 50. Ke4 Kf8 51. Rd8+ Ke7 0-1

[Event "Tournoi Skype 013B"]
[Site "Skype"]
[Date "????.??.??"]
[Round "2.11"]
[White "Vervoort, Jean-Louis"]
[Black "Hernandez, George"]
[Result "0-1"]
[WhiteElo "1262"]
[BlackElo "1399"]
[PlyCount "54"]

1. d4 d5 2. c4 e6 3. Nf3 Nf6 4. Bg5 Nbd7 5. Nc3 a6 6. cxd5 exd5 7. Nxd5 c6 8.
Nc3 b5 9. a3 Be7 10. e4 O-O 11. Bd3 h6 12. Bh4 Ng4 13. g3 c5 14. d5 Nde5 15.
Nxe5 Nxe5 16. Bxe7 Qxe7 17. O-O Bg4 18. Qc2 Nf3+ 19. Kg2 Qg5 20. Qc1 Nd2 21.
Rd1 Bf3+ 22. Kg1 b4 23. Rxd2 bxc3 24. bxc3 Qg4 25. Qf1 Bxe4 26. Bxa6 Qf3 27.
Be2 Qh1# 0-1

[Event "Tournoi Skype 013B"]
[Site "Skype"]
[Date "????.??.??"]
[Round "2.12"]
[White "Karia, Kirti"]
[Black "Amato, Ludovica"]
[Result "1-0"]
[WhiteElo "1399"]
[BlackElo "1199"]
[PlyCount "55"]

1. e4 d6 2. Nf3 Nf6 3. d3 g6 4. Nc3 Bg7 5. Be2 O-O 6. O-O Nc6 7. Be3 e6 8. Qd2
d5 9. exd5 exd5 10. Bh6 Bg4 11. h3 Bf5 12. Bxg7 Kxg7 13. Qg5 d4 14. Nb5 Nb4 15.
Nbxd4 Bd7 16. Ne5 Bc8 17. c3 Nbd5 18. Ng4 Re8 19. Qh6+ Kg8 20. c4 Nb4 21. Nxf6+
Qxf6 22. a3 Nd5 23. cxd5 Qxd4 24. Rfe1 Qxb2 25. Bf3 Rxe1+ 26. Rxe1 f6 27. Re8+
Kf7 28. Qf8# 1-0

29. Nxd4 Nxa2 30. Rd7+ Ke8 31. Rxc7 Nc1 32. Rxb7 a5 33.
Ra7 Nd3 34. cxd3 g5 35. Ne6 a4 36. d4 a3 37. bxa3 h5 38. d5 g4 39. d6 1-0

[Event "Tournoi Skype 013B"]
[Site "Skype"]
[Date "????.??.??"]
[Round "2.13"]
[White "Ruiz Gomez, Luz Alba"]
[Black "Perrone, Gabriel Lorenzo"]
[Result "0-1"]
[WhiteElo "1193"]
[BlackElo "1399"]
[PlyCount "66"]

1. e4 e5 2. Nf3 d6 3. Bb5+ c6 4. Ba4 Nf6 5. d3 Be7 6. O-O O-O 7. Be3 Nbd7 8. c3
Qc7 9. Nbd2 d5 10. exd5 cxd5 11. Bxd7 Bxd7 12. h3 h6 13. d4 e4 14. Ne5 Rac8 15.
Rc1 Be6 16. Re1 Bd6 17. Bf4 Nh7 18. Nf1 Rfe8 19. Ng3 f6 20. Qa4 fxe5 21. dxe5
Bxe5 22. Bxe5 Qxe5 23. Qxa7 Rc7 24. Qa4 Bd7 25. Qd1 Nf6 26. Qd4 Qxd4 27. cxd4
Rxc1 28. Rxc1 Rc8 29. Rb1 Rc4 30. Ne2 Bb5 31. Re1 Rc2 32. Nf4 Rxb2 33. Re2 Bxe2
0-1

[Event "Tournoi Skype 013B"]
[Site "Skype"]
[Date "????.??.??"]
[Round "2.14"]
[White "Paquay, Renaud"]
[Black "Milanese, Serge"]
[Result "0-1"]
[WhiteElo "1177"]
[BlackElo "1396"]
[PlyCount "86"]

1. d4 d5 2. Nf3 Nf6 3. Nc3 c6 4. Bg5 Nbd7 5. e3 g6 6. Bd3 Bg7 7. h3 Qc7 8. Bf4
e5 9. Nxe5 Nxe5 10. Bxe5 Qe7 11. O-O O-O 12. Re1 Qb4 13. Rb1 Qb6 14. Qd2 Re8
15. Na4 Qd8 16. f3 Bxh3 17. gxh3 Nh5 18. Qg2 Bxe5 19. dxe5 Rxe5 20. f4 Nxf4 21.
exf4 Rxe1+ 22. Rxe1 Qh4 23. Rf1 Re8 24. Be2 Re3 25. f5 Rg3 26. Rf2 Rxg2+ 27.
Rxg2 Qxa4 28. fxg6 hxg6 29. Bd3 Kg7 30. a3 Qh4 31. Kh2 b5 32. b4 f5 33. Bxf5
Qf4+ 34. Rg3 Qxf5 35. c3 Qc2+ 36. Rg2 Qxc3 37. Re2 d4 38. Re7+ Kh6 39. Rxa7 Kh5
40. Rh7+ Kg5 41. h4+ Kg4 42. Rh6 Qh3+ 43. Kg1 Qe3+ 0-1

[Event "Tournoi Skype 013B"]
[Site "Skype"]
[Date "????.??.??"]
[Round "2.16"]
[White "Bilsel, Sebahittin"]
[Black "Khatanhar, Mohit"]
[Result "1/2-1/2"]
[WhiteElo "1150"]
[BlackElo "1392"]
[PlyCount "54"]

1. e4 e5 2. Nf3 d6 3. Nc3 Be6 4. d4 exd4 5. Nxd4 Qe7 6. Bd3 Nf6 7. O-O Qd7 8.
Be3 Be7 9. f3 Nc6 10. a3 O-O 11. Bb5 h6 12. Bxc6 bxc6 13. b4 Nh7 14. Qe2 f5 15.
b5 cxb5 16. Qxb5 Qc8 17. Nd5 Rf7 18. Nxe6 Qxe6 19. Nxc7 Qc8 20. Nxa8 Qxa8 21.
Qb3 Qf8 22. Rab1 Kh8 23. Qb8 Bd8 24. Rb7 Rxb7 25. Qxb7 Be7 26. Bxa7 Nf6 27. Qb8
Ne8 1/2-1/2

[Event "Tournoi Skype 013B"]
[Site "Skype"]
[Date "????.??.??"]
[Round "2.17"]
[White "Ryan, Lea"]
[Black "Gieschen, Mike"]
[Result "1/2-1/2"]
[WhiteElo "1438"]
[BlackElo "1466"]
[PlyCount "65"]

1. d4 e6 2. c3 Nf6 3. Nd2 d5 4. Qc2 c5 5. Ngf3 Nc6 6. e3 Bd7 7. b3 Be7 8. Bd3
cxd4 9. exd4 O-O 10. O-O h6 11. Re1 Qc7 12. Bb2 Bd6 13. a4 a5 14. Re3 e5 15.
dxe5 Nxe5 16. Nxe5 Rfe8 17. Nef3 Rxe3 18. fxe3 Ng4 19. h3 Bh2+ 20. Nxh2 Qxh2+
21. Kf1 Nxe3+ 22. Kf2 Qf4+ 23. Ke1 Qg3+ 24. Ke2 Bg4+ 25. Nf3 Qxf3+ 26. gxf3
Nxc2 27. fxg4 Nxa1 28. Bxa1 Re8+ 29. Kf2 g5 30. c4 dxc4 31. Bxc4 b6 32. Bd4 Rb8
33. Ke3 1/2-1/2

[Event "Tournoi Skype 013B"]
[Site "Skype"]
[Date "????.??.??"]
[Round "2.18"]
[White "Bustos, Ricardo"]
[Black "Steenkamp, Brandt"]
[Result "0-1"]
[WhiteElo "1399"]
[BlackElo "1332"]
[PlyCount "60"]

1. d4 d5 2. c4 e5 3. e3 exd4 4. exd4 Nf6 5. Bg5 Bb4+ 6. Nd2 dxc4 7. Qa4+ Nc6 8.
Ngf3 c3 9. bxc3 Bxc3 10. Rc1 Bxd2+ 11. Bxd2 O-O 12. Be3 Nd5 13. Qb3 Qd6 14. Be2
Nf4 15. Bxf4 Qxf4 16. O-O Rd8 17. g3 Qf5 18. Qd3 Qxd3 19. Bxd3 Bg4 20. Be2 Bxf3
21. Bxf3 Nxd4 22. Bg4 c6 23. Kg2 Rd5 24. Rfe1 Kf8 25. Rcd1 Rad8 26. Re3 Nc2 27.
Red3 Rxd3 28. Rxd3 Rxd3 29. Bf5 Rd2 30. Bxc2 Rxc2 0-1

[Event "Tournoi Skype 013B"]
[Site "Skype"]
[Date "????.??.??"]
[Round "2.19"]
[White "Kruk, Clementine"]
[Black "Douichi, Mohammed"]
[Result "0-1"]
[WhiteElo "1199"]
[BlackElo "1399"]
[PlyCount "82"]

1. e4 e5 2. Nf3 Qf6 3. Bc4 Nh6 4. Nc3 Be7 5. b3 a6 6. Bb2 O-O 7. h3 Qg6 8. Qe2
c6 9. O-O-O d5 10. d4 dxc4 11. bxc4 exd4 12. Na4 Be6 13. Nb6 Ra7 14. Bxd4 a5
15. Nc8 Ba3+ 16. Kb1 Ra6 17. Ba7 Rxc8 18. Ne5 Qf6 19. Bxb8 Rxb8 20. f4 Rb6+ 21.
Ka1 Bb2+ 22. Kb1 Rb4 23. c3 Bxc3+ 24. Kc2 Bxe5 25. a3 Rxc4+ 26. Kb3 a4+ 27. Ka2
Rc5+ 28. Kb1 Bxf4 29. Rhf1 Qe5 30. Rxf4 g5 31. Rg4 Nxg4 32. Qf3 Bb3 33. Rf1 h5
34. Qf4 gxf4 35. hxg4 hxg4 36. Rh1 Bc2+ 37. Kc1 Bxe4+ 38. Kd1 Bxg2 39. Re1 Be4
40. Ke2 Rc2+ 41. Kd1 Rd8# 0-1

[Event "Tournoi Skype 013B"]
[Site "Skype"]
[Date "????.??.??"]
[Round "2.20"]
[White "Mouannis, Nezha"]
[Black "Mantelli, Luca"]
[Result "0-1"]
[WhiteElo "1199"]
[BlackElo "1399"]
[PlyCount "56"]

1. e4 e5 2. Nf3 Nc6 3. Nc3 Bb4 4. a3 Ba5 5. Bc4 a6 6. h3 Nf6 7. d4 Bxc3+ 8.
bxc3 exd4 9. cxd4 Nxe4 10. Bd3 Nf6 11. Bg5 h6 12. Bxf6 Qxf6 13. d5 Ne7 14. O-O
O-O 15. Bc4 b5 16. Bd3 Bb7 17. Rc1 Bxd5 18. Nd4 Qxd4 19. c3 Qf6 20. Re1 Nf5 21.
c4 bxc4 22. Bxc4 Bb7 23. Qxd7 Qd8 24. Qxd8 Raxd8 25. Rcd1 Rxd1 26. Rxd1 Nd6 27.
Bd3 c5 28. Be4 Nxe4 0-1

[Event "Tournoi Skype 013B"]
[Site "Skype"]
[Date "????.??.??"]
[Round "2.21"]
[White "Mazzei, Lucrezia"]
[Black "Wible, Annie"]
[Result "1-0"]
[WhiteElo "1399"]
[BlackElo "1199"]
[PlyCount "79"]

1. Nf3 e6 2. g3 d5 3. Bg2 f5 4. O-O c6 5. d4 Nf6 6. Nbd2 Bd6 7. Ne5 O-O 8. c3
Bxe5 9. dxe5 c5 10. exf6 gxf6 11. b3 Nd7 12. Nf3 Ne5 13. Bh6 Re8 14. g4 b5 15.
gxf5 exf5 16. Qc1 c4 17. bxc4 bxc4 18. Qf4 Qa5 19. Rad1 Qxc3 20. Rxd5 Bb7 21.
Rd6 Rf8 22. e4 Rf7 23. Nd4 Qa3 24. Re6 Nc6 25. Nxc6 Rc8 26. Ne5 Rff8 27. exf5
Bxg2 28. Qg4+ Kh8 29. Qxg2 fxe5 30. Bxf8 Rxf8 31. f6 Qxa2 32. Rxe5 Rxf6 33. Rh5
h6 34. Qh3 Qa6 35. Re1 Re6 36. Rd1 Rd6 37. Rf1 Rf6 38. Rg5 Rf8 39. Rc5 Qa4 40.
Qxh6+ 1-0

[Event "Tournoi Skype 013B"]
[Site "Skype"]
[Date "????.??.??"]
[Round "2.23"]
[White "Armingaud, Jean-Claude"]
[Black "Yeter, Orhan"]
[Result "1-0"]
[WhiteElo "1150"]
[BlackElo "1343"]
[PlyCount "70"]

1. e4 e5 2. Nf3 Nc6 3. Bc4 Nf6 4. Nc3 a6 5. Ng5 d5 6. exd5 h6 7. Nf3 Na5 8.
Nxe5 Nxc4 9. Nxc4 Nxd5 10. O-O Be6 11. d3 Nxc3 12. bxc3 b5 13. Na5 Bd6 14. Nb7
Qd7 15. Nxd6+ Qxd6 16. Be3 O-O 17. Qf3 Bd5 18. Qg3 Qc6 19. Bd4 g6 20. Qh3 Kh7
21. Be3 h5 22. Qg3 Qxc3 23. Qg5 Qc6 24. Qh6+ Kg8 25. Qg5 f5 26. f3 Rae8 27. Bd4
Kh7 28. Rfe1 Rxe1+ 29. Rxe1 Rf7 30. Re7 Bxa2 31. Rxf7+ Bxf7 32. c3 Qe6 33. Kf2
Qd7 34. Ke3 Qe6+ 35. Kf2 Qd6 1-0

-1/2

[Event "Tournoi Skype 013B"]
[Site "Skype"]
[Date "????.??.??"]
[Round "2.24"]
[White "Gharbi, Said"]
[Black "Baker, Abi"]
[Result "1-0"]
[WhiteElo "1322"]
[BlackElo "1118"]
[PlyCount "63"]

1. e4 e6 2. d4 d5 3. exd5 Qxd5 4. Nc3 Qd8 5. Bc4 Nc6 6. d5 Ne5 7. Bb5+ Bd7 8.
Bf4 Bd6 9. dxe6 Bxb5 10. exf7+ Kxf7 11. Qd5+ Kg6 12. Qxb5 b6 13. Bxe5 Qe7 14.
Nf3 Re8 15. Qd3+ Kh6 16. O-O-O Bxe5 17. Qd2+ Kh5 18. Rhe1 h6 19. Rxe5+ Qxe5 20.
Nxe5 Rxe5 21. Qd4 Rg5 22. g3 Ne7 23. h4 Nf5 24. Qf4 Nxh4 25. Qxh4+ Kg6 26. Qe4+
Kf6 27. Nd5+ Rxd5 28. Rxd5 h5 29. Rf5+ Kg6 30. Rf8+ Kg5 31. Qf5+ Kh6 32. Rxh8#
1-0

[Event "Tournoi Skype 013B"]
[Site "Skype"]
[Date "????.??.??"]
[Round "2.25"]
[White "Lemoine, Gerard"]
[Black "Ouellet, Emile"]
[Result "1-0"]
[WhiteElo "1077"]
[BlackElo "1314"]
[PlyCount "81"]

1. e4 e5 2. c4 Bc5 3. Nf3 d6 4. d3 h6 5. g3 Nf6 6. Bg2 O-O 7. O-O Nc6 8. Re1
Ng4 9. Be3 Nxe3 10. fxe3 f6 11. Qd2 Bg4 12. Qf2 Qd7 13. h3 Bxh3 14. Bxh3 Qxh3
15. Nh4 Kf7 16. Qf3 g6 17. g4 Qxf3 18. Nxf3 g5 19. Kf2 Rh8 20. Nc3 Nb4 21. Nd5
Nxd3+ 22. Ke2 Nxe1 23. Rxe1 h5 24. Nxc7 Rag8 25. Nh2 hxg4 26. Nxg4 Rh3 27. Nd5
Rgh8 28. Rf1 Ke8 29. Ndxf6+ Ke7 30. Rf5 R8h4 31. Nd5+ Kd7 32. Rxg5 Kc6 33. a3
Rh1 34. Ne7+ Kd7 35. Nf5 R1h2+ 36. Nxh2 Rxh2+ 37. Kd3 Rxb2 38. Rg7+ Kc6 39.
Ne7+ Kd7 40. Nd5+ Kc6 41. Rc7# 1-0

[Event "Tournoi Skype 013B"]
[Site "Skype"]
[Date "????.??.??"]
[Round "2.26"]
[White "Rival, Jocelyn"]
[Black "Prasad, Sanjay"]
[Result "0-1"]
[WhiteElo "1071"]
[BlackElo "1312"]
[PlyCount "56"]

1. e4 d6 2. Nf3 e5 3. d4 exd4 4. Bb5+ c6 5. Ba4 Be6 6. O-O b5 7. Bb3 Bxb3 8.
cxb3 c5 9. Re1 Nf6 10. Nbd2 Be7 11. e5 dxe5 12. Rxe5 Nc6 13. Ne4 Nxe5 14. Nxf6+
Bxf6 15. Nxe5 Bxe5 16. Qe1 Qc7 17. Bd2 O-O 18. f4 Bxf4 19. Ba5 Bxh2+ 20. Kf2
Qg3+ 21. Kf1 Qf4+ 22. Qf2 Rfe8 23. Rc1 Re5 24. Re1 Rxe1+ 25. Kxe1 Re8+ 26. Qe2
Qc1+ 27. Kf2 Bg3+ 28. Kxg3 Rxe2 0-1

[Event "Tournoi Skype 013B"]
[Site "Skype"]
[Date "????.??.??"]
[Round "2.27"]
[White "Picard, Mario"]
[Black "Coude, Josue"]
[Result "1-0"]
[WhiteElo "1309"]
[BlackElo "1066"]
[PlyCount "79"]

1. d4 d5 2. c4 e6 3. Nc3 Nc6 4. Nf3 Bb4 5. Bd2 Nf6 6. e3 O-O 7. Bd3 Bd7 8. cxd5
exd5 9. e4 dxe4 10. Nxe4 Qe7 11. O-O Bg4 12. Nxf6+ Qxf6 13. d5 Ne5 14. Bxb4
Rfe8 15. Bc3 Nxf3+ 16. gxf3 Qxf3 17. Qxf3 Bxf3 18. Bb5 Re7 19. Bb4 Re4 20. a3
a6 21. Bd3 Rd4 22. Rac1 Rxd3 23. Rxc7 Bxd5 24. Re1 h6 25. Ree7 Rd1+ 26. Be1 a5
27. Rcd7 a4 28. Re5 Rc8 29. Rdxd5 Rcc1 30. Kf1 f6 31. Re8+ Kf7 32. Rxd1 Rxd1
33. Rb8 Rb1 34. Rxb7+ Kg6 35. Rb4 f5 36. Ke2 h5 37. Bc3 Rh1 38. Be5 h4 39. Rxh4
Kg5 40. Rxa4 1-0

[Event "Tournoi Skype 013B"]
[Site "Skype"]
[Date "????.??.??"]
[Round "2.29"]
[White "Farthouat, Catherine"]
[Black "Cengiz, Cem"]
[Result "0-1"]
[WhiteElo "1018"]
[BlackElo "1242"]
[PlyCount "82"]

1. e4 e5 2. Nf3 Nc6 3. Bc4 h6 4. Nc3 Nf6 5. O-O Bc5 6. d3 O-O 7. Be3 Bb6 8. a3
d6 9. b4 Nd4 10. Bxd4 Bxd4 11. Nxd4 exd4 12. Nd5 Bd7 13. h3 c6 14. Nxf6+ Qxf6
15. Re1 Qg6 16. Qf3 b5 17. Bb3 a5 18. c3 dxc3 19. bxa5 Rxa5 20. Rec1 Rfa8 21.
Bxf7+ Qxf7 22. Qg3 Rxa3 23. Rxa3 Rxa3 24. f3 Be6 25. d4 d5 26. Qd6 Ra2 27. exd5
cxd5 28. Re1 Qg6 29. Qxe6+ Kh7 30. Qxg6+ Kxg6 31. Re6+ Kh7 32. g4 c2 33. Rc6
Ra1+ 34. Kf2 c1=Q 35. Rxc1 Rxc1 36. Kg3 b4 37. h4 b3 38. g5 b2 39. f4 b1=Q 40.
Kg4 Rg1+ 41. Kh5 Qg6# 0-1

[Event "Tournoi Skype 013B"]
[Site "Skype"]
[Date "????.??.??"]
[Round "2.30"]
[White "Melin, Christiane"]
[Black "Talbot, Jean"]
[Result "0-1"]
[WhiteElo "1236"]
[BlackElo "1009"]
[PlyCount "48"]

1. e4 e5 2. Nf3 Nc6 3. Bc4 Bc5 4. b4 Bd4 5. c3 b5 6. Bxb5 Bb6 7. O-O Nf6 8. d3
O-O 9. Bg5 h6 10. Bh4 Bb7 11. Nbd2 a6 12. Bc4 a5 13. b5 Na7 14. Nxe5 Nxe4 15.
Nxf7 Qxh4 16. dxe4 Rxf7 17. Nf3 Qf4 18. Qxd7 Raf8 19. Bxf7+ Rxf7 20. Qe8+ Rf8
21. Qe6+ Rf7 22. g3 Qxf3 23. h3 Bxe4 24. Rae1 Qh1# 0-1

[Event "Tournoi Skype 013B"]
[Site "Skype"]
[Date "????.??.??"]
[Round "2.31"]
[White "Martin, Elise"]
[Black "Lequeux, Pierre"]
[Result "1/2-1/2"]
[WhiteElo "1206"]
[BlackElo "1232"]
[PlyCount "146"]

1. d4 d5 2. c4 c6 3. Nc3 e6 4. Nf3 Bb4 5. e3 Nf6 6. Bd3 O-O 7. Qc2 g6 8. O-O
Bxc3 9. bxc3 Nbd7 10. h3 Re8 11. e4 Nxe4 12. Bxe4 dxe4 13. Qxe4 e5 14. dxe5 Nc5
15. Qf4 Be6 16. Be3 Bxc4 17. Rfe1 Nd3 18. Qxc4 Nxe1 19. Rxe1 Qd5 20. Qxd5 cxd5
21. Bh6 Re6 22. Rd1 Rd8 23. Bg5 Rd7 24. Kh2 a5 25. Kg3 Kg7 26. Kf4 h6 27. Bh4
g5+ 28. Kg3 gxh4+ 29. Kxh4 b5 30. Rd4 Rc6 31. Rg4+ Rg6 32. Rd4 Rxg2 33. e6 fxe6
34. Ne5 Rd6 35. Rf4 Rg5 36. Rf7+ Kg8 37. f4 Rg7 38. Rf6 Rh7 39. Kh5 Kg7 40.
Rg6+ Kh8 41. f5 d4 42. f6 Rd5 43. f7 Rxe5+ 44. Kg4 Rg5+ 45. Rxg5 Rxf7 46. Rxb5
dxc3 47. Rc5 h5+ 48. Rxh5+ Kg8 49. Rxa5 c2 50. Rc5 Rg7+ 51. Kf4 Rg2 52. Ke3
Rg3+ 53. Kd2 Rg2+ 54. Kc1 Kg7 55. a4 Re2 56. a5 e5 57. a6 Re1+ 58. Kxc2 Ra1 59.
Rc6 Ra2+ 60. Kc3 Ra3+ 61. Kc4 e4 62. Rc7+ Kg6 63. a7 e3 64. Kd4 e2 65. Re7 Ra4+
66. Kd3 Ra2 67. h4 Kh5 68. Rh7+ Kg6 69. Re7 Kh5 70. Rxe2 Rxa7 71. Rh2 Rd7+ 72.
Ke3 Re7+ 73. Kf3 Rg7 1/2-1/2

[Event "Tournoi Skype 013B"]
[Site "Skype"]
[Date "????.??.??"]
[Round "2.32"]
[White "Alverson, Ginny"]
[Black "Letourneau, Judith"]
[Result "1-0"]
[WhiteElo "1222"]
[BlackElo "1000"]
[PlyCount "41"]

1. Nf3 e6 2. d4 Bb4+ 3. c3 Na6 4. cxb4 Nxb4 5. Bd2 Nd5 6. Nc3 Ngf6 7. e4 O-O 8.
Bc4 b6 9. exd5 exd5 10. Nxd5 Nxd5 11. Bxd5 Re8+ 12. Be3 d6 13. Bxa8 Bg4 14. Bc6
Rxe3+ 15. fxe3 a5 16. O-O Qe7 17. Qd3 Qe6 18. Ng5 Qf6 19. Rxf6 gxf6 20. Qxh7+
Kf8 21. Qxf7# 1-0

[Event "Tournoi Skype 013B"]
[Site "Skype"]
[Date "????.??.??"]
[Round "2.33"]
[White "Marty, Yvette"]
[Black "Farthouat, Titoine"]
[Result "0-1"]
[WhiteElo "1000"]
[BlackElo "1211"]
[PlyCount "38"]

1. e4 e6 2. d4 d5 3. Nc3 dxe4 4. Nxe4 Nc6 5. Be3 Nf6 6. f3 Nxe4 7. fxe4 Qh4+ 8.
g3 Qxe4 9. Qd2 Qxh1 10. Nf3 Qxf3 11. Bb5 a6 12. Be2 Bb4 13. c3 Bxc3 14. bxc3
Qh1+ 15. Bf1 O-O 16. Qb2 e5 17. O-O-O exd4 18. cxd4 Bg4 19. Bg2 Qxd1# 0-1

[Event "Tournoi Skype 013B"]
[Site "Skype"]
[Date "????.??.??"]
[Round "3.1"]
[White "Hernandez, George"]
[Black "Ramirez Reina, Orlando"]
[Result "1-0"]
[WhiteElo "1399"]
[BlackElo "1475"]
[PlyCount "138"]

1. e4 e5 2. Nf3 Nf6 3. Bc4 Bc5 4. c3 Nc6 5. d4 exd4 6. cxd4 Bb4+ 7. Nc3 Nxe4 8.
O-O Nxc3 9. bxc3 Bxc3 10. Bxf7+ Kxf7 11. Ng5+ Kf8 12. Qf3+ Qf6 13. Qxc3 Qxd4
14. Qf3+ Qf6 15. Ba3+ d6 16. Qe3 Bd7 17. Rab1 Re8 18. Ne4 Qe5 19. f3 b6 20. Bb2
Qa5 21. Qf4+ Kg8 22. Nf6+ gxf6 23. Qxf6 Qe5 24. Bxe5 Rxe5 25. Rfe1 Rxe1+ 26.
Rxe1 h5 27. Re4 h4 28. Rg4+ Bxg4 29. fxg4 Rh7 30. g5 Re7 31. g6 Rg7 32. Qe6+
Kf8 33. Qc8+ Ke7 34. Qxc7+ Ke6 35. Qxc6 Rxg6 36. Qe4+ Kf6 37. Qxh4+ Ke5 38. g4
d5 39. h3 d4 40. Qe7+ Re6 41. Qg5+ Kd6 42. Qf4+ Kd5 43. h4 Kc4 44. g5 Kc3 45.
Qc1+ Kd3 46. Qd1+ Kc3 47. Qb3+ Kd2 48. Qxe6 d3 49. Kf1 b5 50. Qe1+ Kc2 51. g6
d2 52. Qe2 Kc1 53. Qe1+ dxe1=Q+ 54. Kxe1 a5 55. g7 Kb2 56. g8=Q a4 57. Qg2+ Ka3
58. Qc2 b4 59. Kd2 b3 60. axb3 axb3 61. Qb1 b2 62. Kc2 Kb4 63. Qxb2+ Kc4 64.
Qe5 Kb4 65. Qd4+ Kb5 66. Qd6 Kc4 67. Qe5 Kb4 68. Qd5 Ka4 69. Kc3 Ka3 1-0

[Event "Tournoi Skype 013B"]
[Site "Skype"]
[Date "????.??.??"]
[Round "3.2"]
[White "Perrone, Gabriel Lorenzo"]
[Black "Maneval, Dustin"]
[Result "1-0"]
[WhiteElo "1399"]
[BlackElo "1436"]
[PlyCount "69"]

1. d4 b6 2. c4 Nf6 3. Nc3 g6 4. e4 Bb7 5. Bd3 d6 6. Nf3 Nbd7 7. Bf4 Bg7 8. O-O
O-O 9. Re1 Nh5 10. Bg5 c5 11. Ne2 h6 12. Be3 Nhf6 13. Qd2 Nxe4 14. Qc1 g5 15.
d5 f5 16. Qc2 Ndf6 17. h4 g4 18. Nh2 h5 19. Nf4 Bc8 20. Rad1 g3 21. Nf1 gxf2+
22. Bxf2 Nxf2 23. Qxf2 Ng4 24. Qf3 Bxb2 25. Nxh5 Bd4+ 26. Ne3 Nxe3 27. Rxe3
Bxe3+ 28. Qxe3 f4 29. Qe4 Bf5 30. Qxf4 e5 31. Qg3+ Kf7 32. Bxf5 Ke8 33. Ng7+
Kf7 34. Qg6+ Ke7 35. Qe6# 1-0

[Event "Tournoi Skype 013B"]
[Site "Skype"]
[Date "????.??.??"]
[Round "3.3"]
[White "Talbot, Jacques"]
[Black "Karia, Kirti"]
[Result "0-1"]
[WhiteElo "1436"]
[BlackElo "1399"]
[PlyCount "74"]

1. e4 e5 2. Nf3 Nf6 3. Nxe5 Nxe4 4. Qe2 d5 5. d3 Nc6 6. Nxc6 bxc6 7. dxe4 dxe4
8. Qxe4+ Be7 9. Qxc6+ Bd7 10. Qf3 O-O 11. Bd3 Re8 12. O-O Rb8 13. Nc3 Bb4 14.
Bd2 Rb6 15. Rfe1 Bc6 16. Be4 Qxd2 17. Rad1 Bxe4 18. Rxe4 Rxe4 19. Qxe4 Re6 20.
Qa8+ Bf8 21. h3 Qxc2 22. Rd8 Re1+ 23. Kh2 g6 24. Rxf8+ Kg7 25. Re8 Qxf2 26.
Rxe1 Qxe1 27. Qe4 Qf2 28. Qe5+ Kh6 29. Qxc7 Qxb2 30. Qf4+ Kg7 31. Qe3 f5 32.
Qxa7+ Kh6 33. Qd4 g5 34. a4 f4 35. a5 f3 36. Qd6+ Kh5 37. Nd5 Qxg2# 0-1